PATHWAY TO SUCCESS NURSING GUIDE FOR COMPETITIVE EXAMS (Record no. 32792)

MARC details
000 -LEADER
fixed length control field 00433nam a22001697a 4500
003 - CONTROL NUMBER IDENTIFIER
control field SGT
020 ## - INTERNATIONAL STANDARD BOOK NUMBER
International Standard Book Number 9789384765538
082 ## - DEWEY DECIMAL CLASSIFICATION NUMBER
Classification number 610.73
Item number P18K
100 ## - MAIN ENTRY--PERSONAL NAME
Personal name KAUR, JASPEET
245 ## - TITLE STATEMENT
Title PATHWAY TO SUCCESS NURSING GUIDE FOR COMPETITIVE EXAMS
250 ## - EDITION STATEMENT
Edition statement 1ST
260 ## - PUBLICATION, DISTRIBUTION, ETC. (IMPRINT)
Place of publication, distribution, etc INDIA
Name of publisher, distributor, etc LOTUS PUB
Year of Publication 2018
300 ## - PAGE DESCRIPTION
No. of Pages 743
650 ## - SUBJECT ADDED ENTRY--TOPICAL TERM
Topical term or geographic name as entry element NURSING
653 ## - KEYWORDS--INDEX TERM
Keyword term PATHWAY TO SUCCESS NURSING GUIDE FOR COMPETITIVE EXAMS
942 ## - ADDED ENTRY ELEMENTS (KOHA)
Source of classification or shelving scheme Dewey Decimal Classification
Koha item type Books
Holdings
Withdrawn status Lost status Source of classification or shelving scheme Damaged status Not for loan Collection code Home library Current library Shelving location Date acquired Vendor Name SGTU Total Checkouts Full call number Accession No. (Barcode) Date last seen Bill Date Koha item type
    Dewey Decimal Classification   Not For Loan NURSING SGT Medical Library SGT Medical Library Text Book 10/10/2025 COMP SGTU   610.73 P18K FN6026 10/10/2025 10/10/2025 Books